=LDR 00000nam 2200000 4500 =001 INLIS000000000000316 =005 20150306143439.0 =006 =007 =008 Ind =035 ##$$0010-061300000000316 =041 ##$$a Ind =082 ##$$a 613 =090 ##$$a 613 Mic m =100 ##$$a Michand, Ellen =245 ##$$a Misteri kesehatan anda / Ellen Michand; Alih bahasa,Surya Satyanegara =260 ##$$a Jakarta $b Arcan $c 1996 =300 ##$$a xii, 405 hlm. ; 23 cm =650 ##$$a Kesehatan Pribadi =850 ##$$a NBPNMAT